Statistics for Grey's Anatomy Doctors

Click here to take the quiz!

General Stats

  • This quiz has been taken 1,023 times
  • The average score is 17 of 20

Answer Stats

HintAnswer% Correct
Dark and Twisty, married a neurosurgeon on a post-itMeredith Grey
99%
Had an affair with Ellis GreyRichard Webber
94%
Evil Spawn, took a liking to PediatricsAlex Karev
93%
Slept with his best friends wife numerous timesMark Sloan
93%
Married George O'Malley, then married a hot, blonde, womanCallie Torres
91%
Choked his wife while suffering from PTSD from IraqOwen Hunt
91%
Quit being a surgeon only to tragically die soon afterGeorge O'Malley
89%
Sadly met her death whilst trapped in the woods in season 8Lexie Grey
89%
Was left at the altar in season 3Cristina Yang
88%
Watched his father get shot while he held his sisterDerek Shepherd
87%
Named after the battleship, not the StateArizona Robbins
86%
Not just a pretty face, married a red-headJackson Avery
86%
Youngest sister of Derek Shepherd, had a drug problemAmelia Shepherd
85%
Bethany Whisper, ran out on her husbandIzzie Stevens
83%
Lost best friend in the shooting, 'Ducky'April Kepner
77%
Unknown daughter of Richard WebberMaggie Pierce
77%
Needs a stool in the O.R.Miranda Bailey
76%
Stole Alex Karev's heart in season 9Jo Wilson
74%
Left a Counsellor to be with her husband who she fell in love with, Cristina Yang was fond of herTeddy Altman
71%
Cheated on her husband, friend of Dr. TorresAddison Montgomery
60%

Score Distribution

Percentile by Number Answered

Percent of People with Each Score

Your Score History

You have not taken this quiz